Inaugurálna adresa medzinárodného robotníckeho sdruženia /

Uložené v:
Podrobná bibliografia
Hlavný autor: Marx, Karl, 1818-1883 (Author)
Médium: Kniha
Jazyk:Slovak
German
Vydané: Bratislava : Pravda, 1952.
Vydanie:1. vyd.
Edícia:Malá knižnica marxizmu-leninizmu č. 20
ISBN: (brož.)
Fyzický popis: 19 s.
Tagy: Pridať tag
Žiadne tagy, Buďte prvý kto otaguje tento záznam!

MARC

LEADER 00000nam a22000001 4500
001 000567775
005 20171201125523.0
008 021213s1952 xo e 0 0 0 slo d
020 |a (brož.)  |c Kčs 5,00 
040 |a SVKKK  |b slo  |c SVKKK  |e AACR2 
041 1 |a slo  |h ger 
044 |a xo  |c SK 
100 1 |a Marx, Karl,  |d 1818-1883  |4 aut 
245 1 0 |a Inaugurálna adresa medzinárodného robotníckeho sdruženia /  |c Karol Marx. 
250 |a 1. vyd. 
260 |a Bratislava :  |b Pravda,  |c 1952. 
300 |a 19 s. 
490 1 |a Malá knižnica marxizmu-leninizmu  |v č. 20 
546 |a Preklad z nem. orig. Inauguraladresse der Internationalen Arbeiter-Assoziation 
830 0 |a Malá knižnica marxizmu-leninizmu  |v č. 20 
910 |a svkkk 
998 |a BK 
090 |g SCKHL  |k Sklad Hlavná 10 suterén  |a I.55761  |j 55761  |i 2720787999  |s Prezenčne 
090 |g SCKHL  |k Sklad Pribinova 2. posch.  |a II.422  |j 3143  |i 2720499178  |s Prezenčne